000 00264nam a22001337a 4500
003 SGT
082 _a617.6342
_bI20G
100 _aMONIKA
245 _aGLIDE PATH
260 _aSGTU
_c2021
300 _a90
650 _aCONSERVATIVE DENTISTRY
942 _2ddc
_cTH
999 _c21128
_d21128